• 首页
  • 本馆介绍
  • 公告通知
  • 最新文献
  • 馆藏检索
  • 电子资源
  • 读者导购
  • 参考咨询
  • 我的图书馆
  • 登录
  • 详细信息显示
  • 放入我的书架
  • 预约/预借图书
  • 作者相关作品
  • 分类相关作品
  • 丛书相关作品
  • 出版社相关作品

书目信息

  • 表格格式
  • 工作单格式
  • 卡片格式
题名:
让每个孩子都成志
    
 
作者: 窦桂梅 主编 ;郭赞新 , 武琛 册主编
分册:   清华附小主题阅读课程的实施探索
出版信息: 南京   江苏凤凰教育出版社  2021.07
页数: 200页
开本: 24cm
丛书名:
单 册:
中图分类: G622.0 , G623.232
科图分类:
主题词: 小学教育--教学研究 , 阅读课--教学研究--小学
电子资源:
ISBN: 978-7-5499-6059-0
000 00969nam0 2200289 450
001 012001002769
005 20141204092202.0
010    @a978-7-5499-6059-0@dCNY48.00
100    @a20220905d2016 em y0chiy50 ea
101 0  @achi
102    @aCN@b320000
105    @ay z 000yy
106    @ar
200 1  @a让每个孩子都成志@Arang mei ge hai zi dou cheng zhi@i清华附小主题阅读课程的实施探索@f窦桂梅主编@g郭赞新,武琛册主编
210    @a南京@c江苏凤凰教育出版社@d2021.07
215    @a200页@d24cm
300    @a行知工程名校系列
330    @a本书介绍了一至六年级语文主题阅读课程实施方案与教学设计,同时介绍了英语主题阅读课程教学设计。
606 0  @a小学教育@x教学研究
606 0  @a阅读课@x教学研究@x小学
690    @aG622.0@v5
690    @aG623.232@v5
701  0 @a窦桂梅@Adou gui mei@c(女,@f1967 )@4主编
702  0 @a郭赞新@Aguo zan xin@4册主编
702  0 @a武琛@Awu chen@4册主编
801  0 @aCN@bAHXH@c20221111
905    @b1373450-4@dG622.0@e2799@f5
    
    让每个孩子都成志.清华附小主题阅读课程的实施探索/窦桂梅主编/郭赞新,武琛册主编.-南京:江苏凤凰教育出版社,2021.07
    200页;24cm
    行知工程名校系列
    
    ISBN 978-7-5499-6059-0:CNY48.00
    本书介绍了一至六年级语文主题阅读课程实施方案与教学设计,同时介绍了英语主题阅读课程教学设计。
●
相关链接 在E读中查询图书 在五车中查询图书 在当当中查询图书 在豆瓣中查询图书


正题名:让每个孩子都成志     索取号:G622.0/2799         预约/预借

序号 登录号 条形码 馆藏地/架位号 状态 备注
1 1373450   213734501   第一样本阅览室/ [索取号:G622.0/2799] 在馆    
2 1373451   213734510   教育系资料室/ [索取号:G622.0/2799] 在馆    
3 1373452   213734529   教育系资料室/ [索取号:G622.0/2799] 在馆    
4 1373453   213734538   第四借阅区/ [索取号:G622.0/2799] 在馆    
5 1373454   213734547   第四借阅区/ [索取号:G622.0/2799] 在馆    
唐山师范学院图书馆 欢迎您!
大连网信软件有限公司© 版权所有